Logo BPK

Biblioteka

Politechniki Koszalińskiej

Tablice pomocnicze do obliczeń z mechaniki budowli : (Rekord nr 27416)

Szczegóły MARC
000 -ETYKIETA REKORDU
podpole kontrolne o stałej długości 01315nam a2200337 i 4500
001 - NUMER KONTROLNY REKORDU
pole kontrolne bg
003 - IDENTYFIKATOR NUMERU KONTROLNEGO REKORDU
podpole kontrolne BPK
005 - DATA OSTATNIEJ MODYFIKACJI REKORDU
podpole kontrolne 20200930133824.0
008 - POLE O STAŁEJ DŁUGOŚCI - DANE KONTROLNE
podpole kontrolne o stałej długości 040519s1976 pl a f f |000 0 pol
015 ## - NUMER BIBLIOGRAFII NARODOWEJ
Numer bibliografii narodowej PB 1976/6123
040 ## - ŹRÓDŁO KATALOGOWANIA
Instytucja, która utworzyła rekord BPK
041 0# - KOD JĘZYKA
Kod języka tekstu pol
080 ## - UNIWERSALNA KLASYFIKACJA DZIESIĘTNA - UKD
UKD 624.01/.07:531
080 ## - UNIWERSALNA KLASYFIKACJA DZIESIĘTNA - UKD
UKD (083)
080 ## - UNIWERSALNA KLASYFIKACJA DZIESIĘTNA - UKD
UKD (075.8)
100 1# - NAZWA OSOBOWA
Nazwa osobowa Ciesielski, Roman
Daty związane z nazwą (1924-2004)
Określenie rodzaju współpracy Autor
245 10 - TYTUŁ/ODPOWIEDZIALNOŚĆ
Tytuł Tablice pomocnicze do obliczeń z mechaniki budowli :
Ciąg dalszy tytułu skrypt dla studentów wyższych szkół technicznych do przedmiotu Mechanika budowli /
Pozostałe elementy strefy tytułu i oznaczenia odpowiedzialności Roman Ciesielski, Andrzej Flaga, Janusz Kawecki.
250 ## - STREFA WYDANIA
Oznaczenie wydania Wyd. 3 zm.
260 ## - STREFA ADRESU WYDAWNICZEGO
Miejsce wydania Kraków :
Nazwa wydawcy/dystrybutora Politechnika Krakowska,
Data publikacji, dystrybucji/powstania dokumentu 1976.
300 ## - STREFA OPISU FIZYCZNEGO
Objętość 211 s. :
Inne cechy fizyczne il., tab., wykr. ;
Rozmiary 24 cm.
500 ## - UWAGI OGÓLNE
Tekst uwagi Wyd. poprzednie pod hasłem: Tablice pomocnicze do obliczeń z mechaniki budowli.
504 ## - UWAGA DOTYCZĄCA BIBLIOGRAFII
Informacje o bibliografii Bibliogr. s. 207.
655 #4 - TERMIN INDEKSOWY - OKREŚLENIE RODZAJU/FORMY DOKUMENTU
Określenie rodzaju/formy dokumentu Podręczniki akademickie
650 #4 - HASŁO PRZEDMIOTOWE W FORMIE NAZWY OGÓLNEJ LUB JEDNOSTKOWEJ
Nazwa ogólna lub geograficzna Mechanika budowli
655 #4 - TERMIN INDEKSOWY - OKREŚLENIE RODZAJU/FORMY DOKUMENTU
Określenie rodzaju/formy dokumentu Tablice i wzory
700 1# - HASŁO DODATKOWE - NAZWA OSOBOWA
Nazwa osobowa Kawecki, Janusz
Daty związane z nazwą (1943- )
Określenie związku między hasłem a opisywanym materiałem Autor
710 2# - HASŁO DODATKOWE - NAZWA CIAŁA ZBIOROWEGO
Nazwa ciała zbiorowego lub jednostki geograficznej Politechnika Krakowska im. Tadeusza Kościuszki
Nazwa jednostki podrzędnej Wydawnictwo
Kod określenia powiązania pbl.
700 1# - HASŁO DODATKOWE - NAZWA OSOBOWA
Nazwa osobowa Flaga, Andrzej
Daty związane z nazwą (1951- )
Określenie związku między hasłem a opisywanym materiałem Autor
856 ## - LOKALIZACJA I DOSTĘP DO ELEKTRONICZNYCH DOKUMENTÓW ZDALNYCH
Link (URL) http://koha.tu.koszalin.pl/cgi-bin/koha/opac-detail.pl?biblionumber=27416
Tekst linku Katalog online BPK
942 ## - DODATKOWE ELEMENTY (KOHA)
Schemat klasyfikacji Uniwersalna Klasyfikacja Dziesiętna
Typ dokumentu Książka
Egzemplarze
Wycofany Status egzemplarza Uszkodzony Dostępność Lokalizacja stała Lokalizacja bieżąca Miejsce przechowywania Sygnatura Kod kreskowy Typ dokumentu
      Dostępny Biblioteka Politechniki Koszalińskiej Biblioteka Politechniki Koszalińskiej Wypożyczalnia BG 21144 01445152 Książka
© 2023 Biblioteka Politechniki Koszalińskiej :: KOHA